| 000 | 00344nam a22001457a 4500 | ||
|---|---|---|---|
| 003 | SGT | ||
| 082 |
_a617.6342 _bT21G |
||
| 100 | _aGoyal, Mathur | ||
| 245 | _aTreatment planning of implant patients | ||
| 260 |
_aGurugram, Haryana _bSGT University _c2021 |
||
| 300 | _a85 | ||
| 650 | _aPeriodontics | ||
| 653 | _aPeriodontics | ||
| 942 |
_2ddc _cTH |
||
| 999 |
_c23633 _d23633 |
||